Autostrade italiane - Quiz n°3 - Statistics

Statistiche generali
  • Questo quiz è stato fatto 149 volte
  • Il punteggio medio è 8 su 11
Statistiche sulle risposte
Percorso Estensione (km) Soprannome Autostrada % Corretto
Milano - Napoli 760,3 Autostrada del Sole A1
100%
Milano - Genova 133,6 + 1,9 Autostrada dei Giovi A7
83%
Lainate - Chiasso 31,5 Autostrada dei Laghi A9
83%
Napoli - Salerno 52,0 - A3
79%
Roma - Teramo 159,2+7,3 Autostrada dei Parchi A24
76%
Genova - Ventimiglia 158,1 Autostrada dei Fiori A10
74%
Messina - Catania, Siracusa - Ispica/Pozzallo 76,8+ 49,5 - A18
74%
Parma - La Spezia 108,5 Autostrada della Cisa A15
73%
Torino - Brescia 238,3 Autostrada dei Vini A21
72%
Venezia - Belluno 82,5 Autostrada d'Alemagna A27
70%
Torino - Bardonecchia 73 Autostrada del Frejus A32
63%
Nessun quiz corrispondente trovato
Distribuzione punteggi
Percentuale di utenti per punteggio
Percentile per numero di risposta
I tuoi punteggi nel tempo
Non hai fatto questo quiz